| 000 | 01479nam a2200289Ia 4500 | ||
|---|---|---|---|
| 003 | OSt | ||
| 005 | 20201029113159.0 | ||
| 008 | 191128s2011 ck a gr 000 0dspa d | ||
| 020 | _a9789586487245 | ||
| 040 |
_aCO-JMCR _cCO-JMCR |
||
| 041 | 0 | _aspa | |
| 082 | 0 | 4 |
_a658.456 / _bR153i _223 |
| 100 | 1 |
_aRamírez Salazar, María del Pilar, _eautora _912189 |
|
| 245 | 1 | 0 |
_aInnovación en gestión de eventos organizacionales / _cMaría del Pilar Ramírez Salazar |
| 250 | _aPrimera edición | ||
| 260 |
_aBogotá : _bEcoe, _c2011 |
||
| 300 |
_a99 páginas : _bilustraciones a blanco y negro ; _c21 cm. |
||
| 490 | 0 | _aCiencias Administrativas. Administración | |
| 500 | _aIncluye datos biográficos del autor en solapa. | ||
| 504 | _aBibliografía: páginas 97-99 | ||
| 505 | 0 | _aCampo estratégico de gestión conceptual y estructural -- Campo estratégico de gestión logística y técnica -- Campo estratégico de gestión, protocolo y servicio -- Campo estratégico de gestión de construcción y transferencia de conocimiento | |
| 520 | 3 | _aLos mejores espacios para el fortalecimiento del capital relacional de una organización sin duda alguna son aquellos en donde se sale de la rutina de la empresa y se desarrollan actividades académicas, lúdicas y sociales en torno a un objetivo específico. | |
| 650 | 1 | 4 |
_aOrganización de eventos _912190 |
| 650 | 1 | 4 |
_aPromoción de eventos especiales _912191 |
| 650 | 2 | 4 |
_aReuniones de personal _912192 |
| 942 |
_2ddc _cBK |
||
| 999 |
_c6177 _d6177 |
||